Crystal by picture - Statistics

General Stats
  • This quiz has been taken 19 times
  • The average score is 6 of 6
Answer Stats
Picture Answer % Correct
Emerald
100%
Ruby
100%
Sapphire
100%
Amethyst
95%
Amber
84%
Quartz
84%
No matching quizzes found
Score Distribution
Percent of People with Each Score
Percentile by Number Answered
Your Score History
You have not taken this quiz